| 000 | 00640nam a22002057a 4500 | ||
|---|---|---|---|
| 005 | 20140205102355.0 | ||
| 010 | _aENG-109109 | ||
| 020 |
_a9788174469458 _c650.00 |
||
| 035 | _aEN-92642 | ||
| 037 | _bDBAD/PUB | ||
| 082 | _a338.4791 | ||
| 245 |
_aTourism entrepreneurship / _cedited by Y. Venkata Rao [and] G. Anjaneya Swamy |
||
| 260 |
_aNew Delhi _bExcel Books _c2011 |
||
| 270 |
_aA- 45, Naraina, Phase 1 _bNew Delhi _e110028 |
||
| 300 |
_axxii,441p. _c24cm(pbk) |
||
| 500 | _aIncludes bibliographical references | ||
| 700 | _aVenkata Rao, Y. | ||
| 700 | _aAnjaneya Swamy, G. | ||
| 942 |
_2ddc _cEN _mTOU _h338.4791 |
||
| 999 |
_c81942 _d81942 |
||